Scotland Men's International Roll of Honour - Statistics

General Stats
  • This quiz has been taken 7 times
  • The average score is 15 of 42
Answer Stats
Caps Position Player % Correct
92* Left Back Andy Robertson
100%
102 Striker Kenny Dalglish
100%
91 Goalkeeper Jim Leighton
86%
61 Striker Ally Mccoist
71%
83* Goalkeeper Craig Gordon
71%
54 Centre Mid Graeme Souness
71%
55 Centre Mid Scott Brown
71%
69* Centre Mid Scott Mctominay
71%
77 Centre Back Alex Mcleish
57%
63 Centre Mid Callum Mcgregor
57%
69 Striker Kenny Miller
57%
65 Centre Back Willie Miller
57%
62 Right Back Danny Mcgrain
43%
80 Centre Mid Darren Fletcher
43%
55 Striker Dennis Law
43%
50 Centre Mid Gordon Strachan
43%
66* Centre Back Grant Hanley
43%
85* Centre Mid John Mcginn
43%
55* Left Back Kieran Tierney
43%
61 Centre Back Richard Gough
43%
53 Goalkeeper Alan Rough
29%
51 Centre Back Colin Hendry
29%
57 Centre Mid Gary Macallister
29%
52 Striker Joe Jordan
29%
50* Striker Lyndon Dykes
29%
50 Right Back Alan Hutton
14%
67 Centre Back Christan Dailly
14%
69 Centre Back David Weir
14%
54 Centre Back George Young
14%
56* Centre Mid Kenny Mclean
14%
53 Striker Kevin Gallagher
14%
55 Left Back Maurice Malpas
14%
76 Centre Mid Paul Mcstay
14%
66* Centre Mid Ryan Christie
14%
53 Centre Mid Stuart Armstrong
14%
50 Centre Mid Asa Hartford
0%
54 Centre Mid Billy Bremner
0%
55 Right Back Gary Caldwell
0%
58 Centre Mid John Collins
0%
57 Centre Back Roy Aitken
0%
51 Striker Steven Naismith
0%
72 Centre Back Tom Boyd
0%
No matching quizzes found
Score Distribution
Percent of People with Each Score
Percentile by Number Answered
Your Score History
You have not taken this quiz